000 00493nam a22001937a 4500
005 20260226113624.0
008 260226b |||||||| |||| 00| 0 eng d
020 _a817141351
_c700.00
040 _aMAIN
041 _aEnglish
082 _a363.7287
_bDEW
100 _aDewan, J. M.
_926415
245 _aHazardous Waste Management
260 _aNew Delhi
_bDeep And Deep
_c1996
300 _a285
650 _aEnvironment Science
_9310
700 _aSudarshan, K.N.
_926416
942 _cBK
999 _c60464
_d60464